Metamorfosis : libros VIII-XV /

محفوظ في:
التفاصيل البيبلوغرافية
المؤلف الرئيسي: Ovidio Nasón, Publio (autor)
مؤلفون آخرون: Bonifaz Nuño, Rubén (introducción, versión y notas) (introducción, versión y notas)
التنسيق: كتاب
اللغة:الإسبانية
منشور في: México : UNAM, Instituto de Investigaciones Filológicas, Centro de Estudios Clásicos, 1980, c1980
سلاسل:(Bibliotheca Scriptorum Graecorum et Romanorum Mexicana)
الموضوعات:
الوسوم: إضافة وسم
لا توجد وسوم, كن أول من يضع وسما على هذه التسجيلة!

MARC

LEADER 00000nam^a2200000^a^4500
001 000380500
005 20250521000000.0
009 20260310120605.051
020 |a 968-58-2891-1 
037 |a Acervo ITESO - Biblioteca 
041 |a ESP 
082 |a 871.  |b OVI V. 2 
100 |a Ovidio Nasón, Publio  |e (autor) 
240 1 5 |a [Las metamorfosis] 
245 1 0 |a Metamorfosis :  |b libros VIII-XV /  |c P. Ovidio Nasón ; introd., versión, notas de R. Bonifaz Nuño. 
264 4 |a México :  |b UNAM, Instituto de Investigaciones Filológicas, Centro de Estudios Clásicos,  |c 1980, c1980 
300 |a CDXI, 197, 197 p. 
336 |a texto  |b txt  |2 rdacontenido 
337 |a sin mediación  |b n  |2 rdamedio 
338 |a volumen  |b nc  |2 rdasoporte 
440 1 |a (Bibliotheca Scriptorum Graecorum et Romanorum Mexicana) 
545 0 |a Publio Ovidio Nasón (43 a.C.-17 d.C), poeta latino nacido en Sulmona, se instruyó en retórica y leyes. Por algún tiempo desempeñó algunos cargos propios de su formación, pero al final decidió dedicarse de tiempo completo a su vocación poética. Después de gozar de buena posición y estima literaria y por razones que se desconocen con certeza, en el año 8 a.C. fue desterrado de Roma por el emperador Augusto, a un lugar llamado Tomi, hoy Constanza, donde murió; algunos de sus libros fueron quemados en público por considerarlos inmorales. Su escritura da cuenta del amor, el erotismo, la tristeza, las festividades romanas y las leyendas mitológicas. Entre sus obras se encuentran Metamorfosis, Fastos, Tristes, Amores, Arte de amar, Remedios de amor, Heroidas, y otras. 
649 |a XX 
650 |a Poesía Latina 
650 |a Literatura Latina 
650 |a Literatura Clásica 
650 |a Mitología Clásica en la Literatura 
700 |a Bonifaz Nuño, Rubén  |e (introducción, versión y notas) 
910 |a Fondo Armando Suárez Gómez 
920 |a Impresos - Libros 
930 |a Fondos Especiales 
940 |a Literatura 
905 |a 111 
901 |a 0700005926  |b IT2  |c ESP  |u 20250521 
902 |a https://opac.biblio.iteso.mx/vufind/Record/000380500